Agroforestry : (Record no. 18728)

000 -LEADER
fixed length control field 00647pam a2200205 a 4500
020 ## - INTERNATIONAL STANDARD BOOK NUMBER
ISBN 0471837814
040 ## - CATALOGING SOURCE
Transcribing agency DLC
082 00 - DEWEY DECIMAL CLASSIFICATION NUMBER
Classification number 634 WIL 1990 C151 Or.
245 00 - TITLE STATEMENT
Title Agroforestry :
Remainder of title classification and management /
260 ## - PUBLICATION, DISTRIBUTION, ETC. (IMPRINT)
Place of publication New York :
Name of publisher Wiley,
Year of publication c1990.
300 ## - PHYSICAL DESCRIPTION
Number of Pages xvii, 382 p. :
Other physical details ill. ;
Dimensions 25 cm.
500 ## - GENERAL NOTE
General note "A Wiley-Interscience publication."
650 #0 - SUBJECT ADDED ENTRY--TOPICAL TERM
Topical Term Agroforestry.
650 #0 - SUBJECT ADDED ENTRY--TOPICAL TERM
Topical Term Agroforestry
700 1# - ADDED ENTRY--PERSONAL NAME
Personal name MacDicken, Kenneth G.
700 1# - ADDED ENTRY--PERSONAL NAME
Personal name Vergara, Napoleon T.
856 4# - ELECTRONIC LOCATION AND ACCESS
Uniform Resource Identifier http://www.loc.gov/catdir/toc/onix04/89005404.html
856 42 - ELECTRONIC LOCATION AND ACCESS
Uniform Resource Identifier http://www.loc.gov/catdir/enhancements/fy0707/89005404-d.html
942 ## - ADDED ENTRY ELEMENTS (KOHA)
Koha item type ADB
952 ## - LOCATION AND ITEM INFORMATION (KOHA)
Withdrawn status [LOCAL, KOHA] 0
Holdings
Source of acquisition Permanent Location Date acquired Koha item type Lost status Shelving location Current Location Full call number
A34208Library Block C2020-01-15សៀវភៅភាសាអង់គ្លេស C151Library Block C634 WIL 1990 C151 Or.
មជ្ឈមណ្ឌលឯការនៃសាកលវិទ្យាល័យភូមិន្ទកសិកម្មចំការដូង

Powered by Koha